[Event "?"]
[Site "ICS rated blitz match, 164.58"]
[Date "1997.??.??"]
[Round "?"]
[White "Brause"]
[Black "oldtimer"]
[Result "1-0"]
[WhiteElo "2205"]
[BlackElo "2185"]
[PlyCount "75"]

1. e4 e5 2. Nf3 Nc6 3. Nc3 Nf6 4. Nxe5 Nxe5 5. d4 Ng6 6. e5 Ng8 7. Bc4 d5 8.
Bxd5 c6 9. Be4 f5 10. Bf3 Bb4 11. O-O N8e7 12. Na4 O-O 13. c3 Ba5 14. b4 Bb6
15. Qb3+ Kh8 16. Nxb6 axb6 17. b5 Nh4 18. Bh5 Qd5 19. Qxd5 cxd5 20. Bg5 Nhg6
21. Rfc1 Be6 22. Rc2 Rfc8 23. Bd2 f4 24. Rac1 Bf5 25. Rb2 Bd3 26. Re1 Ra5 27.
c4 dxc4 28. Bxa5 bxa5 29. b6 c3 30. Rb3 Nd5 31. Ra3 c2 32. Rc1 Nb4 33. Bg4 Ra8
34. Bf3 Ba6 35. Rxa5 Rc8 36. Rxa6 bxa6 37. b7 Rb8 38. a3 1-0

[Event "?"]
[Site "ICS rated blitz match, 164.58"]
[Date "1997.??.??"]
[Round "?"]
[White "Brause"]
[Black "glomb"]
[Result "1-0"]
[WhiteElo "2210"]
[BlackElo "1730"]
[PlyCount "45"]

1. e4 e5 2. Nf3 Nc6 3. Nc3 Nf6 4. Nxe5 Nxe5 5. d4 Qe7 6. dxe5 Qxe5 7. f4 Qa5 8.
Bd2 Bb4 9. a3 d6 10. axb4 Qxb4 11. Qc1 Nxe4 12. Ra4 Qxa4 13. Nxa4 O-O 14. Be3
Re8 15. Bd3 Bf5 16. O-O Re7 17. Bf2 b6 18. Re1 Rae8 19. Qa1 a5 20. Bb5 Nxf2 21.
Bxe8 Rxe1+ 22. Qxe1 Ne4 23. g4 1-0

[Event "?"]
[Site "ICS rated blitz match, 164.58"]
[Date "1997.??.??"]
[Round "?"]
[White "Brause"]
[Black "plannine"]
[Result "1-0"]
[WhiteElo "2230"]
[BlackElo "1870"]
[PlyCount "27"]

1. e4 e5 2. Nf3 Nc6 3. Nc3 Nf6 4. Nxe5 Nxe5 5. d4 Nc6 6. d5 Nb8 7. e5 Ng8 8. d6
c6 9. Bc4 b5 10. Bb3 b4 11. Qf3 f6 12. Nd5 cxd5 13. Qxd5 Nh6 14. Bxh6 1-0

[Event "?"]
[Site "ICS rated blitz match, 164.58"]
[Date "1997.??.??"]
[Round "?"]
[White "Brause"]
[Black "glomb"]
[Result "1-0"]
[WhiteElo "2240"]
[BlackElo "1730"]
[PlyCount "53"]

1. e4 e5 2. Nf3 Nc6 3. Nc3 Nf6 4. Nxe5 Nxe5 5. d4 d5 6. dxe5 Nxe4 7. Nxe4 dxe4
8. Qxd8+ Kxd8 9. Bc4 f5 10. Be3 c5 11. O-O-O+ Kc7 12. Bg5 Bd7 13. e6 Bc6 14. e7
h6 15. exf8=Q Raxf8 16. Be7 Re8 17. Bxc5 g5 18. h4 b6 19. Bd4 Rhf8 20. hxg5
hxg5 21. Bg7 f4 22. Bxf8 Rxf8 23. Rh7+ Kb8 24. Rg7 e3 25. fxe3 f3 26. gxf3 Bxf3
27. Rf1 1-0

[Event "?"]
[Site "ICS rated blitz match, 164.58"]
[Date "1997.??.??"]
[Round "?"]
[White "Brause"]
[Black "Shahmaty"]
[Result "1-0"]
[WhiteElo "2240"]
[BlackElo "1790"]
[PlyCount "65"]

1. e4 e5 2. Nf3 Nc6 3. Nc3 Nf6 4. Nxe5 Nxe5 5. d4 Nc6 6. d5 Ne5 7. f4 Ng6 8. e5
Ng8 9. d6 cxd6 10. exd6 Qh4+ 11. g3 Qf6 12. Nb5 Kd8 13. Be3 Qxb2 14. Bd4 Qb4+
15. c3 Qa5 16. Qf3 Nh6 17. f5 Ne5 18. Bxe5 a6 19. Bd4 axb5 20. Qe3 Bxd6 21.
Bb6+ Qxb6 22. Qxb6+ Bc7 23. Qxb5 Re8+ 24. Kf2 Re5 25. Qb4 Rxf5+ 26. Kg2 Ke8 27.
Bd3 Re5 28. Rhe1 b6 29. Rxe5+ Bxe5 30. Bxh7 Ra5 31. Qxb6 Bxc3 32. Rc1 Rxa2+ 33.
Kg1 1-0

[Event "?"]
[Site "ICS rated blitz match, 164.58"]
[Date "1997.??.??"]
[Round "?"]
[White "Brause"]
[Black "oldtimer"]
[Result "1-0"]
[WhiteElo "2270"]
[BlackElo "2160"]
[PlyCount "95"]

1. e4 e5 2. Nf3 Nc6 3. Nc3 Nf6 4. Nxe5 Nxe5 5. d4 Ng6 6. e5 Ng8 7. Bc4 d5 8.
Bxd5 c6 9. Be4 f5 10. Bf3 Bb4 11. O-O N8e7 12. Na4 O-O 13. c3 Ba5 14. b4 Bb6
15. Qb3+ Kh8 16. Bg5 h6 17. Bc1 Nh4 18. Bh5 Qd5 19. Qxd5 cxd5 20. Nxb6 axb6 21.
Bf4 g6 22. Bxh6 gxh5 23. Bxf8 Nhg6 24. Bh6 Bd7 25. Rfd1 Ra3 26. Rdc1 Bb5 27. g3
Kg8 28. Bg5 Kf7 29. Kg2 Ke6 30. Bxe7 Nxe7 31. Kf3 Bc4 32. Kf4 Nc6 33. Kg5 Na7
34. Kxh5 Nb5 35. Rc2 Nxc3 36. Rd2 Ne4 37. Rb2 Ra8 38. f3 Nc3 39. Kg6 Nb5 40.
Rd2 Ra3 41. f4 Nc3 42. g4 Ne2 43. gxf5+ Kd7 44. Rxe2 Bxe2 45. e6+ Kd6 46. f6
Ra8 47. Re1 Bd3+ 48. Kg7 1-0

[Event "?"]
[Site "ICS rated blitz match, 164.58"]
[Date "1997.??.??"]
[Round "?"]
[White "Brause"]
[Black "mgrant"]
[Result "1-0"]
[WhiteElo "2270"]
[BlackElo "1865"]
[PlyCount "59"]

1. e4 e5 2. Nf3 Nc6 3. Nc3 Nf6 4. Nxe5 Nxe5 5. d4 Ng6 6. e5 Ng8 7. Bc4 d5 8.
Bxd5 Be6 9. Bxb7 Rb8 10. Bc6+ Bd7 11. Bf3 Bb4 12. O-O N8e7 13. Qd3 Be6 14. a3
Bxc3 15. Qxc3 O-O 16. Qc5 Nd5 17. Qxa7 Nh4 18. Be4 Nb6 19. c3 f5 20. exf6 Qxf6
21. Qa5 Rbe8 22. Bg5 Nf3+ 23. Bxf3 Qg6 24. Bc6 Rc8 25. Be7 Rf5 26. Bc5 Rg5 27.
f4 Bd5 28. fxg5 Bxc6 29. Qa6 Qxg5 30. Qxc8+ 1-0

[Event "?"]
[Site "ICS rated blitz match, 164.58"]
[Date "1997.??.??"]
[Round "?"]
[White "Brause"]
[Black "jos"]
[Result "0-1"]
[WhiteElo "2290"]
[BlackElo "2245"]
[PlyCount "81"]

1. e4 e5 2. Nf3 Nc6 3. Nc3 Nf6 4. Nxe5 Nxe5 5. d4 Nc6 6. d5 Ne5 7. f4 Ng6 8. e5
Ng8 9. d6 cxd6 10. exd6 Qh4+ 11. g3 Qf6 12. Nb5 Qe6+ 13. Kf2 Bxd6 14. Nxd6+ Kf8
15. Bc4 Qf6 16. Nxf7 N8e7 17. Nxh8 Nxh8 18. Qd3 Nhg6 19. Re1 a5 20. Kg1 Rb8 21.
Bb5 d5 22. c4 d4 23. Qd1 Be6 24. Qh5 Qf5 25. Qxf5+ Bxf5 26. b3 Rc8 27. Rd1 d3
28. Be3 Kg8 29. Bb6 Be4 30. c5 Nd5 31. Bc4 Kh8 32. Bxd5 Bxd5 33. Rxd3 Be4 34.
Re3 Bf5 35. Bxa5 h6 36. b4 Rc6 37. Re8+ Kh7 38. Rb8 Be4 39. Re1 Bd5 40. f5 Nh8
41. Rxb7 0-1

[Event "?"]
[Site "ICS rated blitz match, 164.58"]
[Date "1997.??.??"]
[Round "?"]
[White "Brause"]
[Black "Thingol"]
[Result "1-0"]
[WhiteElo "2290"]
[BlackElo "2455"]
[PlyCount "73"]

1. e4 e5 2. Nf3 Nc6 3. Nc3 Nf6 4. Nxe5 Nxe5 5. d4 Nc6 6. d5 Ne5 7. f4 Ng6 8. e5
Ng8 9. d6 cxd6 10. exd6 Qh4+ 11. g3 Qf6 12. Nb5 Kd8 13. Be3 b6 14. Nxa7 Qxb2
15. Rb1 Qc3+ 16. Kf2 Rb8 17. Rxb6 Qxe3+ 18. Kxe3 Rxb6 19. Nxc8 Kxc8 20. f5 Ne5
21. Qd4 Nf6 22. Ke2 Rc6 23. Qxe5 Rxc2+ 24. Kd1 Rc6 25. Qa5 Rxd6+ 26. Ke1 Nd5
27. Ba6+ Kb8 28. Ke2 Nb6 29. Rb1 Kc7 30. Bd3 Rh6 31. Qa7+ Kd8 32. Rxb6 Rxb6 33.
Qxb6+ Ke7 34. Qb4+ Ke8 35. Qb8+ Ke7 36. Qe5+ Kd8 37. f6 1-0

[Event "?"]
[Site "ICS rated blitz match, 164.58"]
[Date "1997.??.??"]
[Round "?"]
[White "Brause"]
[Black "tps"]
[Result "1-0"]
[WhiteElo "2290"]
[BlackElo "1700"]
[PlyCount "83"]

1. e4 e5 2. Nf3 Nc6 3. Nc3 Nf6 4. Nxe5 Nxe5 5. d4 Nc6 6. d5 Bb4 7. Bg5 Bxc3+ 8.
bxc3 Nb8 9. e5 Qe7 10. Qe2 d6 11. exf6 Qxe2+ 12. Bxe2 gxf6 13. Bxf6 Rg8 14. O-O
Bf5 15. Bd3 Bxd3 16. Rfe1+ Kf8 17. cxd3 Nd7 18. Be7+ Kg7 19. Rab1 b6 20. c4 Ne5
21. Re3 f5 22. Bg5 h6 23. Bf4 Rae8 24. Rbe1 h5 25. d4 Ng6 26. Rxe8 Rxe8 27.
Rxe8 Nxf4 28. Re7+ Kf6 29. Rxc7 Ne2+ 30. Kf1 Nxd4 31. Rxa7 b5 32. cxb5 Nxb5 33.
Rh7 Nc3 34. Rxh5 Nxa2 35. h3 Nc3 36. g4 Nxd5 37. Rxf5+ Ke6 38. h4 Ne7 39. Rf3
d5 40. h5 d4 41. h6 Ng6 42. h7 1-0

[Event "?"]
[Site "ICS rated blitz match, 164.58"]
[Date "1997.??.??"]
[Round "?"]
[White "Brause"]
[Black "ThingTwo"]
[Result "1-0"]
[WhiteElo "2305"]
[BlackElo "2225"]
[PlyCount "109"]

1. e4 e5 2. Nf3 Nf6 3. Nc3 Nc6 4. Nxe5 Nxe5 5. d4 Ng6 6. e5 Ng8 7. Bc4 f6 8.
Qh5 N8e7 9. exf6 gxf6 10. O-O Bg7 11. Bd2 c6 12. d5 b5 13. Bd3 b4 14. d6 bxc3
15. dxe7 Kxe7 16. Rfe1+ Ne5 17. Bxc3 d6 18. f4 Be6 19. fxe5 dxe5 20. Re3 Qb6
21. Rae1 Rad8 22. Qh4 Kf8 23. Be4 Kg8 24. Qf2 Bxa2 25. b3 Qc5 26. Rd3 Qxf2+ 27.
Kxf2 Rxd3 28. Bxd3 Bf8 29. Be4 Bc5+ 30. Kf1 f5 31. Bxc6 Bd4 32. Bxd4 exd4 33.
Ra1 Bxb3 34. cxb3 Kf7 35. Rxa7+ Kf6 36. b4 d3 37. Rd7 Rc8 38. b5 Ke5 39. Rxd3
Rc7 40. Rd7 Rxd7 41. Bxd7 h5 42. b6 Kd6 43. Ba4 h4 44. Ke2 h3 45. gxh3 Kd5 46.
b7 Ke5 47. b8=Q+ Kf6 48. h4 Ke6 49. Bb3+ Kd7 50. h5 f4 51. Qxf4 Ke7 52. Qc7+
Kf6 53. Kf3 Kg5 54. Qf4+ Kxh5 55. Bf7# 1-0

[Event "?"]
[Site "ICS rated blitz match, 164.58"]
[Date "1997.??.??"]
[Round "?"]
[White "Brause"]
[Black "WoodPshr"]
[Result "1-0"]
[WhiteElo "2325"]
[BlackElo "2330"]
[PlyCount "35"]

1. e4 e5 2. Nf3 Nc6 3. Nc3 Nf6 4. Nxe5 Qe7 5. Nxc6 bxc6 6. d3 Qe6 7. Be2 Bb4 8.
Be3 O-O 9. O-O Ba6 10. Qd2 Rab8 11. Bxa7 Ra8 12. Bd4 Rab8 13. Rfb1 Rb5 14. a3
Rg5 15. axb4 Rb8 16. Qxg5 Rb5 17. Nxb5 cxb5 18. Bxf6 1-0

[Event "?"]
[Site "ICS rated blitz match, 164.58"]
[Date "1997.??.??"]
[Round "?"]
[White "Brause"]
[Black "MrCool"]
[Result "1-0"]
[WhiteElo "2330"]
[BlackElo "1830"]
[PlyCount "41"]

1. e4 e5 2. Nf3 Nc6 3. Nc3 Nf6 4. Nxe5 Nxe5 5. d4 Ng6 6. e5 Ng8 7. Bc4 Bb4 8.
Qf3 Qe7 9. O-O Bxc3 10. bxc3 f6 11. exf6 Nxf6 12. Bg5 Kf8 13. Rae1 Qd8 14. Re3
d6 15. Rfe1 Bd7 16. Qxb7 h6 17. Bxf6 gxf6 18. Qd5 Be8 19. Rxe8+ Qxe8 20. Rxe8+
Kxe8 21. Qxa8+ 1-0

[Event "?"]
[Site "ICS rated blitz match, 164.58"]
[Date "1997.??.??"]
[Round "?"]
[White "Brause"]
[Black "pmac"]
[Result "1-0"]
[WhiteElo "2340"]
[BlackElo "2010"]
[PlyCount "31"]

1. e4 e5 2. Nf3 Nc6 3. Nc3 Nf6 4. Nxe5 Nxe5 5. d4 Nc6 6. d5 Bc5 7. dxc6 bxc6 8.
Be2 O-O 9. e5 Ne8 10. O-O d5 11. exd6 cxd6 12. Ne4 Bb6 13. Bg5 f6 14. Bf4 d5
15. Nc3 Nd6 16. Nxd5 1-0

[Event "?"]
[Site "ICS rated blitz match, 164.58"]
[Date "1997.??.??"]
[Round "?"]
[White "Brause"]
[Black "Thingol"]
[Result "1/2-1/2"]
[WhiteElo "2340"]
[BlackElo "2470"]
[PlyCount "143"]

1. e4 e5 2. Nf3 Nc6 3. Nc3 Nf6 4. Nxe5 Nxe5 5. d4 Nc6 6. d5 Ne5 7. f4 Ng6 8. e5
Ng8 9. d6 cxd6 10. exd6 Qh4+ 11. g3 Qf6 12. Nb5 Rb8 13. Be3 b6 14. Bd4 Qe6+ 15.
Be2 Kd8 16. Qd3 Bb7 17. Rf1 Ba6 18. f5 Bxb5 19. Qxb5 Qxd6 20. O-O-O a6 21. Qa4
b5 22. Qa5+ Qc7 23. Qxc7+ Kxc7 24. fxg6 f6 25. gxh7 Rxh7 26. Rf2 Bd6 27. Bf3
Be5 28. Ba7 Re8 29. Rd3 f5 30. Re2 Re6 31. Rde3 Bd6 32. Rc3+ Kd8 33. Bb6+ Ke7
34. Be3 Nf6 35. Rd3 g6 36. Bb7 a5 37. Bf3 Ke8 38. Red2 Ne4 39. Bxe4 Rxe4 40.
Rxd6 Rxe3 41. b4 axb4 42. Rxg6 Re1+ 43. Kb2 Rh1 44. Rg5 R7xh2 45. Rxh2 Rxh2 46.
Rxf5 Rg2 47. Rxb5 Rxg3 48. Rxb4 Ke7 49. a4 Kd6 50. Rb7 Rg4 51. Kb3 Kc6 52. Ra7
Rg3+ 53. Kb2 Rg4 54. a5 d5 55. Kc3 Rg3+ 56. Kd4 Rg4+ 57. Ke3 Ra4 58. a6 Ra3+
59. Kd4 Ra4+ 60. Ke5 Rc4 61. Ra8 Re4+ 62. Kf6 Kb6 63. Rd8 Rc4 64. Rd6+ Ka7 65.
Rxd5 Rxc2 66. Ra5 Rc6+ 67. Kf5 Rxa6 68. Rb5 Rb6 69. Rc5 Rh6 70. Rc8 Kb6 71. Rc4
Rh5+ 72. Ke6 1/2-1/2

[Event "?"]
[Site "ICS rated blitz match, 164.58"]
[Date "1997.??.??"]
[Round "?"]
[White "Brause"]
[Black "Tygr"]
[Result "0-1"]
[WhiteElo "2320"]
[BlackElo "1885"]
[PlyCount "86"]

1. e4 e5 2. Nf3 Nc6 3. Nc3 Nf6 4. Nxe5 Nxe5 5. d4 Ng6 6. e5 Ng8 7. Bc4 d6 8.
Qf3 Be6 9. Qxb7 Bxc4 10. Qc6+ Ke7 11. exd6+ cxd6 12. Qxc4 Nf6 13. O-O Kd7 14.
Qxf7+ Be7 15. Qxg7 Rg8 16. Qh6 Qa5 17. Qg5 Qxg5 18. Bxg5 Rab8 19. Rab1 Nd5 20.
Nxd5 Bxg5 21. f4 Ne7 22. fxg5 Nxd5 23. c4 Ne3 24. Rf7+ Kc6 25. h4 Nxc4 26. b3
Ne3 27. Rxh7 Kd5 28. Rxa7 Kxd4 29. Rc7 d5 30. Rbc1 Kd3 31. R7c5 d4 32. h5 Ke2
33. Re5 d3 34. Rc3 Rbc8 35. Rxc8 Rxc8 36. Re7 Rd8 37. Rf7 d2 38. Rf2+ Ke1 39.
Rxd2 Rxd2 40. Kh1 Rxg2 41. a4 Kf1 42. h6 Ng4 43. b4 Nf2# 0-1

[Event "?"]
[Site "ICS rated blitz match, 164.58"]
[Date "1997.??.??"]
[Round "?"]
[White "Brause"]
[Black "reallywaki"]
[Result "1-0"]
[WhiteElo "2295"]
[BlackElo "2805"]
[PlyCount "31"]

1. e4 e5 2. Nf3 Nc6 3. Nc3 Nf6 4. Nxe5 Nxe5 5. d4 Nc6 6. d5 Ne5 7. f4 Ng6 8. e5
Nxd5 9. Qxd5 Qh4+ 10. g3 Qe7 11. Be3 c6 12. Qd3 d6 13. exd6 Qxd6 14. O-O-O Qxd3
15. Bxd3 Be6 16. f5 1-0

[Event "?"]
[Site "ICS rated blitz match, 164.58"]
[Date "1997.??.??"]
[Round "?"]
[White "Brause"]
[Black "FSDO"]
[Result "1-0"]
[WhiteElo "2255"]
[BlackElo "1985"]
[PlyCount "101"]

1. e4 Nf6 2. Nc3 e5 3. Nf3 Nc6 4. Nxe5 Nxe5 5. d4 Ng6 6. e5 Ng8 7. Bc4 d6 8.
Qf3 Be6 9. Qxb7 N8e7 10. Nb5 Rc8 11. Bxe6 fxe6 12. exd6 cxd6 13. Qxa7 Qd7 14.
Qxd7+ Kxd7 15. c3 Nd5 16. O-O Be7 17. a4 Rc4 18. Bd2 Ra8 19. a5 Ngf4 20. Bxf4
Nxf4 21. a6 Kc6 22. Na3 Ra4 23. Nc2 Rxa1 24. Rxa1 d5 25. g3 Nd3 26. b3 Kb5 27.
a7 Kb6 28. Rd1 Nb2 29. Re1 Bf6 30. Rxe6+ Kxa7 31. Nb4 Rc8 32. Nxd5 Nd1 33. Nxf6
gxf6 34. c4 Nb2 35. Rxf6 Rc7 36. Kf1 Nd3 37. Rf3 Nb4 38. h4 Kb6 39. Rf6+ Ka5
40. Rf5+ Ka6 41. d5 Rd7 42. Rf6+ Ka5 43. Re6 Na6 44. f4 Nc5 45. Rc6 Nxb3 46.
Kf2 Kb4 47. Ke3 Na5 48. Ra6 Nxc4+ 49. Ke4 Kb5 50. Re6 Nb6 51. f5 1-0

[Event "?"]
[Site "ICS rated blitz match, 164.58"]
[Date "1997.??.??"]
[Round "?"]
[White "Brause"]
[Black "LightViolet"]
[Result "0-1"]
[WhiteElo "2280"]
[BlackElo "2555"]
[PlyCount "148"]

1. e4 e5 2. Nf3 Nc6 3. Nc3 Nf6 4. Nxe5 Nxe5 5. d4 Nc6 6. d5 Ne5 7. f4 Ng6 8. e5
Ng8 9. d6 a6 10. h4 cxd6 11. exd6 Qf6 12. Qe2+ Qe6 13. h5 Bxd6 14. hxg6 fxg6
15. Be3 Bb4 16. Bd4 Bxc3+ 17. Bxc3 Nf6 18. O-O-O O-O 19. Qxe6+ dxe6 20. Bb4 Re8
21. g3 Bd7 22. Bd3 Bb5 23. Bxb5 axb5 24. a3 Ne4 25. Rhg1 Red8 26. Rde1 Rd4 27.
c3 Rc8 28. Rg2 Rdc4 29. Re3 Kf7 30. Rge2 Nf6 31. Rxe6 Nd5 32. Bd6 R4c6 33. R2e5
Rd8 34. Be7 Rxe6 35. Bxd8 Rxe5 36. fxe5 Ke6 37. Kc2 Kxe5 38. Kd3 h6 39. c4
bxc4+ 40. Kxc4 g5 41. Kc5 Ke4 42. Ba5 b6+ 43. Bxb6 Nxb6 44. Kxb6 h5 45. a4 h4
46. gxh4 g4 47. a5 g3 48. a6 g2 49. a7 g1=Q+ 50. Kb7 Qg2 51. a8=Q Kf4+ 52. Ka7
Qf2+ 53. Ka6 Qe2+ 54. Ka7 Qxb2 55. Qd5 Qe5 56. Qf7+ Qf6 57. Qd5 Qe7+ 58. Kb6
Qe5 59. Qc4+ Kg3 60. h5 Qd6+ 61. Kb5 Qd7+ 62. Kb6 Qd8+ 63. Kb7 Qf6 64. Qc5 Kg4
65. Qd5 Qf3 66. Kb6 Qxd5 67. Kc7 Kxh5 68. Kb6 g5 69. Kc7 g4 70. Kc8 Qf7 71. Kd8
g3 72. Kc8 g2 73. Kd8 g1=Q 74. Kc8 Qgg8# 0-1

[Event "?"]
[Site "ICS rated blitz match, 164.58"]
[Date "1997.??.??"]
[Round "?"]
[White "Brause"]
[Black "Eomer"]
[Result "1-0"]
[WhiteElo "2280"]
[BlackElo "1670"]
[PlyCount "66"]

1. e4 e5 2. Nf3 Nc6 3. Nc3 Nf6 4. Nxe5 Nxe5 5. d4 Ng6 6. e5 Ng8 7. Bc4 Bb4 8.
Qf3 Bxc3+ 9. bxc3 Qe7 10. O-O c6 11. a4 Nf8 12. Ba3 d6 13. Bxd6 Qd7 14. e6 Qxd6
15. exf7+ Kd8 16. fxg8=Q Rxg8 17. Bxg8 Bd7 18. Rab1 Kc7 19. Qg3 Qxg3 20. fxg3
h6 21. Bc4 Re8 22. Rf7 Kc8 23. Rxg7 Re3 24. Rg8 Re8 25. Rh8 a6 26. Rf1 Ng6 27.
Rxh6 Ne7 28. Rh7 b5 29. Bf7 Rf8 30. Re1 Nf5 31. Be6 Bxe6 32. Rxe6 Nxd4 33. cxd4
a5 1-0

[Event "?"]
[Site "ICS rated blitz match, 164.58"]
[Date "1997.??.??"]
[Round "?"]
[White "Brause"]
[Black "oldtimer"]
[Result "1-0"]
[WhiteElo "2260"]
[BlackElo "2160"]
[PlyCount "173"]

1. e4 e5 2. Nf3 Nc6 3. Nc3 Nf6 4. Nxe5 Nxe5 5. d4 Ng6 6. e5 Ng8 7. Bc4 d5 8.
Bxd5 c6 9. Be4 f5 10. Bf3 Bb4 11. O-O N8e7 12. Na4 O-O 13. c3 Ba5 14. b4 Bb6
15. Qb3+ Kh8 16. Nxb6 axb6 17. Re1 b5 18. Bd2 Nd5 19. a4 bxa4 20. Rxa4 Rxa4 21.
Qxa4 b5 22. Qc2 Be6 23. Ra1 Nde7 24. Qc1 Bd5 25. Bh5 Qd7 26. Qe1 Be6 27. Qe2
Qb7 28. Rb1 Ra8 29. g3 Ra2 30. Qe1 Qa6 31. Bf3 Qa4 32. Bd1 Qa8 33. Bf3 Nd5 34.
Bh5 Nge7 35. Bf3 h6 36. Bh5 Kh7 37. Be2 Nb6 38. Bd3 Kg8 39. Rd1 Bb3 40. Rc1 Bc4
41. Bb1 Ra1 42. Qd1 Qa4 43. Qh5 Bf7 44. Qe2 Qb3 45. Qe1 Ra7 46. Bc2 Qc4 47. f3
Bd5 48. Qf2 Qa2 49. h3 Qb2 50. Bd1 Nc4 51. Rc2 Qb1 52. Rc1 Qa2 53. Rc2 Qa1 54.
Rc1 Qa3 55. Kg2 Nxd2 56. Qxd2 Kf7 57. Be2 Qa2 58. Rc2 Qxc2 59. Qxc2 Ra2 60. Qd1
Bc4 61. Kg1 Bxe2 62. Qb3+ Bc4 63. Qb1 g6 64. Qc1 Kg7 65. g4 Nd5 66. gxf5 gxf5
67. h4 Ne7 68. Kh1 Bd5 69. Qf4 Ra1+ 70. Kh2 Ng6 71. Qxf5 Rf1 72. Qf6+ Kh7 73.
h5 Nh8 74. f4 Rh1+ 75. Kg3 Rg1+ 76. Kf2 Rg2+ 77. Kf1 Rg3 78. e6 Re3 79. Qe7+
Kg8 80. Qe8+ Kg7 81. Qd7+ Kg8 82. e7 Bf7 83. Kf2 Rxc3 84. d5 cxd5 85. e8=Q+
Bxe8 86. Qxe8+ Kg7 87. Qe5+ 1-0

[Event "?"]
[Site "ICS rated blitz match, 164.58"]
[Date "1997.??.??"]
[Round "?"]
[White "Brause"]
[Black "MrBill"]
[Result "1-0"]
[WhiteElo "2265"]
[BlackElo "2055"]
[PlyCount "67"]

1. e4 e5 2. Nf3 Nc6 3. Nc3 Nf6 4. Nxe5 Nxe5 5. d4 Ng6 6. e5 Ng8 7. Bc4 Bb4 8.
Qf3 Qe7 9. O-O Bxc3 10. bxc3 Nh6 11. g3 O-O 12. Qh5 d6 13. Bxh6 gxh6 14. f4
dxe5 15. f5 Bxf5 16. Qxf5 Kg7 17. Rf3 Rad8 18. Re1 f6 19. Qe4 Qd7 20. Qxb7 exd4
21. Be6 Qd6 22. cxd4 Qxd4+ 23. Rfe3 Qb6 24. Qe4 Rd4 25. Qf5 Rd6 26. c4 Qd4 27.
Kh1 Rc6 28. Rd3 Qc5 29. Rd7+ Kh8 30. Bd5 Rd6 31. Rxh7+ Kxh7 32. Re7+ Kh8 33.
Qxg6 Qxd5+ 34. cxd5 1-0

[Event "?"]
[Site "ICS rated blitz match, 164.58"]
[Date "1997.??.??"]
[Round "?"]
[White "Brause"]
[Black "MrBill"]
[Result "1-0"]
[WhiteElo "2265"]
[BlackElo "2055"]
[PlyCount "37"]

1. e4 e5 2. Nf3 Nc6 3. Nc3 Nf6 4. Nxe5 Nxe5 5. d4 Ng6 6. e5 Ng8 7. Bc4 d5 8.
Bxd5 c6 9. Be4 Be6 10. f4 N8e7 11. O-O Bd5 12. f5 Bxe4 13. Nxe4 Nh4 14. Nd6+
Kd7 15. Nxf7 Qe8 16. Nxh8 Nhxf5 17. c3 g6 18. Qb3 Kc8 19. Qf7 1-0

[Event "?"]
[Site "ICS rated blitz match, 164.58"]
[Date "1997.??.??"]
[Round "?"]
[White "Brause"]
[Black "MrBill"]
[Result "1-0"]
[WhiteElo "2270"]
[BlackElo "2045"]
[PlyCount "360"]

1. e4 e5 2. Nf3 Nc6 3. Nc3 Nf6 4. Nxe5 Nxe5 5. d4 Nc6 6. d5 Ne5 7. f4 Ng6 8. e5
Be7 9. exf6 Bxf6 10. Qe2+ Qe7 11. Nb5 Qxe2+ 12. Bxe2 Kd8 13. d6 c6 14. Nc7 Rb8
15. c3 Nf8 16. Be3 b6 17. O-O-O Ne6 18. f5 Nxc7 19. dxc7+ Kxc7 20. Bf4+ Kb7 21.
Bxb8 Kxb8 22. g4 Be5 23. Rde1 d6 24. Bf3 Kc7 25. Re4 h6 26. h3 Bd7 27. Rhe1 f6
28. Ra4 Kb7 29. Rg1 Re8 30. Kd1 a6 31. Be2 b5 32. Re4 c5 33. Bf3 Bc6 34. Re3
Bxf3+ 35. Rxf3 Kc6 36. Re3 Rd8 37. Kc2 Rd7 38. Rg2 Rd8 39. Rge2 Rd7 40. Kd3 Re7
41. Re4 Re8 42. Re1 Re7 43. R4e3 Rb7 44. Kc2 Re7 45. Re4 Rb7 46. Kd1 Kd5 47.
R4e2 Kc6 48. Re3 Kd5 49. Rd3+ Kc6 50. Re4 Re7 51. Ke2 Rb7 52. Kf3 Re7 53. Re2
Re8 54. Rde3 Rb8 55. Re4 Rb7 56. Kf2 Re7 57. Kg2 Rb7 58. Kf3 Re7 59. Re1 Re8
60. Kf2 Re7 61. R4e3 Rd7 62. Kf1 Re7 63. R1e2 Rb7 64. Ke1 Re7 65. Kf2 Rb7 66.
Kg2 Re7 67. Kf3 Rd7 68. Ke4 Re7 69. Kd3 Rb7 70. Re4 Rd7 71. c4 b4 72. Kc2 a5
73. b3 Ra7 74. Kd3 a4 75. Rd2 a3 76. Rde2 Re7 77. Re1 Kd7 78. Rg1 Re8 79. Re2
Re7 80. Rge1 Re8 81. Rg2 Re7 82. Rd2 Re8 83. Red1 Bf4 84. Re2 Be5 85. Ke4 Kc6
86. Rd3 Bd4+ 87. Kf3 Be5 88. Rg2 Ba1 89. Rgd2 Be5 90. Rf2 Re7 91. Rd5 Bd4 92.
Re2 Be5 93. Ke3 Bd4+ 94. Kd3 Be5 95. Kd2 Bf4+ 96. Kd1 Be5 97. Rd3 Kd7 98. Rde3
Kc7 99. Kc2 Kd7 100. Re4 Kc7 101. Re1 Kd7 102. Kd3 Kc7 103. R1e3 Kd7 104. Rf3
Kc6 105. Re2 Rd7 106. Rfe3 Re7 107. Re1 Rd7 108. Re4 Kc7 109. R4e2 Re7 110. Ke4
Kd7 111. Kd5 Re8 112. Re4 Kc7 113. Rg1 Kd7 114. Re3 Rh8 115. Re2 Re8 116. Rge1
Re7 117. Re4 Re8 118. R1e2 Re7 119. Rd2 Re8 120. Re1 Rh8 121. Rg2 Re8 122. Re3
Re7 123. Rg1 Rf7 124. Rge1 Re7 125. h4 Re8 126. Re4 Rh8 127. Rg1 Re8 128. Rd1
Rh8 129. Rde1 Rg8 130. R1e3 Rh8 131. Re2 Re8 132. Rg2 Rh8 133. Rf2 Re8 134. Re1
Rh8 135. Rfe2 Rg8 136. Rd1 Rh8 137. Re4 Rg8 138. Rf1 Rh8 139. Re2 Rf8 140. Re3
Re8 141. Rf2 Rh8 142. Rg2 Re8 143. Rd2 Rh8 144. Rde2 Rf8 145. Rd3 Rh8 146. Re4
Rf8 147. Rd2 Rh8 148. Rg2 Rf8 149. Rc2 Rh8 150. Re3 Re8 151. Rc1 Rf8 152. Rd1
Re8 153. Rde1 Rf8 154. Rd3 Re8 155. Rd2 Rf8 156. Rdd1 Re8 157. Re3 Rh8 158. Rh1
Rh7 159. Re4 Rh8 160. Re2 Rf8 161. Re3 Rh8 162. Rd3 Rh7 163. Rg1 Rh8 164. Rd2
Rf8 165. Re2 Bd4 166. Rd1 Be5 167. Rc1 Rh8 168. Rcc2 Rf8 169. Re1 Rh8 170. Rg2
Rf8 171. Rgg1 Rh8 172. Re2 Bd4 173. Rgg2 Be5 174. Rgf2 Rh7 175. Rxe5 fxe5 176.
f6 gxf6 177. Rxf6 Rg7 178. Rxd6+ Kc7 179. Kxc5 Rxg4 180. Rxh6 Rg2 1-0

[Event "?"]
[Site "ICS rated blitz match, 164.58"]
[Date "1997.??.??"]
[Round "?"]
[White "Brause"]
[Black "Xenocide"]
[Result "1-0"]
[WhiteElo "2270"]
[BlackElo "2340"]
[PlyCount "67"]

1. e4 e5 2. Nf3 Nc6 3. Nc3 Nf6 4. Nxe5 Nxe5 5. d4 Ng6 6. e5 Ng8 7. Bc4 d6 8.
Qf3 Qd7 9. O-O dxe5 10. dxe5 Nxe5 11. Re1 Bd6 12. Bf4 f6 13. Bb5 c6 14. Rad1
Qe6 15. Qg3 Kf8 16. Bxe5 Bxe5 17. f4 cxb5 18. fxe5 Qb6+ 19. Re3 Bf5 20. Rd6 Qc5
21. Rd5 Qc7 22. Nxb5 Qxc2 23. exf6 Nxf6 24. Nd4 Qb1+ 25. Re1 Qxe1+ 26. Qxe1
Nxd5 27. Nxf5 Rd8 28. Qe6 Rg8 29. Nd6 Rxd6 30. Qxd6+ Ne7 31. Qb8+ Kf7 32. Qxa7
b5 33. Qf2+ Ke6 34. Qb6+ 1-0

[Event "?"]
[Site "ICS rated blitz match, 164.58"]
[Date "1997.??.??"]
[Round "?"]
[White "Brause"]
[Black "MrBill"]
[Result "1-0"]
[WhiteElo "2275"]
[BlackElo "2030"]
[PlyCount "44"]

1. e4 e5 2. Nf3 Nc6 3. Nc3 Nf6 4. Nxe5 Nxe5 5. d4 Nc6 6. d5 Ne5 7. f4 Ng6 8. e5
Ng8 9. d6 c6 10. g3 f6 11. Qh5 Nh6 12. f5 Nxf5 13. Bd3 Qa5 14. Bxf5 Qxe5+ 15.
Kf2 Kd8 16. Bxg6 Bxd6 17. Re1 Qxh5 18. Bxh5 Bc5+ 19. Be3 Bxe3+ 20. Rxe3 g6 21.
Bf3 d6 22. Ne4 Bf5 1-0

[Event "?"]
[Site "ICS rated blitz match, 164.58"]
[Date "1997.??.??"]
[Round "?"]
[White "Brause"]
[Black "MrBill"]
[Result "1-0"]
[WhiteElo "2275"]
[BlackElo "2020"]
[PlyCount "112"]

1. e4 e5 2. Nf3 Nc6 3. Nc3 Nf6 4. Nxe5 Nxe5 5. d4 d6 6. dxe5 dxe5 7. Qxd8+ Kxd8
8. Bg5 Be7 9. O-O-O+ Bd7 10. f3 h6 11. Bh4 g5 12. Bg3 Bd6 13. Bc4 Ke7 14. Rd2
Rad8 15. Rhd1 Bc6 16. Nb5 Bxb5 17. Bxb5 c6 18. Bc4 Nh7 19. Bxf7 Rhf8 20. Bg6
Nf6 21. Bf5 Bc7 22. Rxd8 Rxd8 23. Rxd8 Kxd8 24. Bg6 Kd7 25. h4 Kd6 26. Bf2 Bb6
27. hxg5 hxg5 28. Bxb6 axb6 29. Kd2 b5 30. Kd3 b6 31. a3 Nd7 32. Bf5 Nf6 33. b3
Nh5 34. Ke3 Nf4 35. Kf2 Nh5 36. Bg4 Nf6 37. Bc8 Nh5 38. Bb7 Kc7 39. Ba6 Kb8 40.
c4 bxc4 41. Bxc4 c5 42. Bf7 Nf6 43. a4 Kc7 44. Ke3 Kc6 45. Kd3 Kd6 46. Kc4 Kc6
47. Bd5+ Kc7 48. a5 Nh5 49. a6 Kb8 50. Kb5 Ka7 51. Bc4 Nf4 52. g3 Nh5 53. Kc6
Nxg3 54. Kd5 Nh1 55. Kxe5 Nf2 56. Kf5 Nd1 1-0